| 000 | 00483cam a2200181ua 4500 | ||
|---|---|---|---|
| 003 | OSt | ||
| 008 | 250221b |||||||| |||| 00| 0 eng d | ||
| 020 | _a0 07 451586 1 | ||
| 041 | _aeng | ||
| 082 |
_a621.3 _bDHO/BA |
||
| 100 |
_aDhogal, P S . _97208 |
||
| 245 | _aBasic electrical engineering with numerical problems, Vol 1 / | ||
| 250 | _a1st | ||
| 260 |
_aNew Delhi : _bTata Mc-Graw Hill Publishing Company , _c1999. |
||
| 300 | _a257 ; . | ||
| 500 | _a*CSS | ||
| 942 | _cBK | ||
| 999 |
_c9860 _d9860 |
||